000 00470cam a22001934a 4500
005 20250605164300.0
008 250528s ||||||||||||||||||||||||d
035 _a22036
020 _a9789601624365
040 _aGR-AtMCL
_bgre
_dGR-AtMCL
_eAACR2
245 1 _aΕΙΣΑΓΩΓΗ ΣΤΗ ΦΩΝΗΤΙΚΗ
250 _a6
260 _bΠατάκης,
_c2015
300 _a383
700 1 _aLadefoged Peter
_97913
942 _cBK
999 _c7092
_d7092